| 000 | 01287cam a2200313 a 4500 | ||
|---|---|---|---|
| 999 |
_c17653 _d17653 |
||
| 008 | 011114s2001 ohua c 001 0 eng d | ||
| 020 | _z0931537225 | ||
| 050 | 0 | 0 |
_aN550 _b.A78 2001 |
| 245 | 0 | 0 |
_aTreasures for a queen : _ba millennium gift to Cincinnati. |
| 260 |
_aCincinnati, Ohio : _bThe Museum, _cc2001. |
||
| 300 |
_aix, 216 p. : _bcol. ill. ; _c24 cm. |
||
| 500 | _aIncludes index. | ||
| 650 | 0 |
_aArt _xCollectors and collecting _zOhio _zCincinnati _vExhibitions. |
|
| 650 | 0 |
_aArt _zOhio _zCincinnati _vExhibitions. |
|
| 710 | 2 | _aCincinnati Art Museum. | |
| 942 |
_2lcc _cBOOKS _hN550 .A78 2001 |
||